CO NAS CHRONI PRZED SŁOŃCEM? - Statystyki

Ogólne statystyki
  • Ten quiz został rozwiązany 100 razy
  • Średni wynik to 4 z 6
Statystyki odpowiedzi
Odpowiedź % Poprawnych
PARASOL
86%
KREM Z FILTREM
67%
KAPELUSZ
62%
CZAPKA Z DASZKIEM
60%
OKULARY PRZECIWSŁONECZNE
60%
DRZEWO
19%
Nie znaleziono quizów pasujących do podanych kryteriów
Rozkład punktacji
Procent ludzi z każdym wynikiem
Percentyl według liczby udzielonych odpowiedzi
Twoja historia wyników
Nie rozwiązałeś tego quizu